San Marino - True or False - Statistics

General Stats
  • This quiz has been taken 19 times
  • The average score is 5 of 8
Answer Stats
Question Answer % Correct
San Marino is the Smallest country False
100%
It is the 2nd most visited country in Europe False
100%
It is considered to have the oldest surviving national constitution in the world True
83%
It has ancient origins True
83%
Abraham Lincoln was an honorary honourary citizen True
67%
It only has one language False
33%
It is a member of the EU or Eurozone False
33%
It has not offered unconditional political sanctuary throughout the centuries False
17%
No matching quizzes found
Score Distribution
Percent of People with Each Score
Percentile by Number Answered
Your Score History
You have not taken this quiz